Nueva semblanza de Abraham Lincoln / (Registro nro. 9446)

Detalles MARC
000 -CABECERA
Campo de control interno 01707nam a2200241Ia 4500
008 - ELEMENTOS DE LONGITUD FIJA - INFORMACIÓN GENERAL
Campo de control de longitud fija 260220t1964||||xx |||||||||||||| ||spa||
040 ## - FUENTE DE CATALOGACIÓN
Agencia de catalogación original PY-SlUNAC
Idioma de catalogación spa
Convenciones de descripción rda
041 ## - CÓDIGO DE IDIOMA
Código de idioma para texto/pista de sonido o título separado spa
082 ## - NÚMERO DE CLASIFICACIÓN DECIMAL DEWEY
Clasificación Decimal Dewey (CDD) 920
Clasificación Expansiva de Cutter (EC) K89n
100 ## - ASIENTO PRINCIPAL - NOMBRE PERSONAL
Nombre personal Kranz, Henry B.
Rol del autor Autor
245 #0 - TÍTULO
Título Nueva semblanza de Abraham Lincoln /
Mención de responsabilidad por Henry B. Kranz [Autor]
264 ## - PIE DE IMPRENTA
Lugar Ciudad de México :
Editorial Novaro,
Año ℗1964.
300 ## - DESCRIPCIÓN FÍSICA
Páginas 1 volumen
520 ## - NOTA DE RESUMEN
Nota de resumen En "Nueva semblanza de Abraham Lincoln", Henry B. Kranz ofrece una exhaustiva revisión de la vida y legado del décimo sexto presidente de los Estados Unidos, abordando tanto su contexto histórico como sus contribuciones políticas y sociales. El autor se sumerge en la infancia de Lincoln, su formación y su ascenso en la política, destacando su papel crucial durante la Guerra Civil y su lucha por la abolición de la esclavitud. Kranz utiliza una variedad de fuentes primarias y secundarias para ilustrar la complejidad del carácter de Lincoln, así como los desafíos que enfrentó en su presidencia, como la división nacional y las tensiones raciales. El libro también examina su retórica, especialmente en discursos emblemáticos como el de Gettysburg, que reflejan su visión de la democracia. A través de un análisis detallado, Kranz logra presentar una figura multidimensional de Lincoln, resaltando su impacto perdurable en la historia estadounidense y su simbolismo en la lucha por los derechos humanos.
651 ## - MATERIA - NOMBRE GEOGRÁFICO
Materia - nombre geográfico Estados Unidos de América
653 ## - MATERIA - TÉRMINO TEMÁTICO NO CONTROLADO (PALABRAS CLAVE)
Materia - término temático no controlado (palabras clave) Biografía
653 ## - MATERIA - TÉRMINO TEMÁTICO NO CONTROLADO (PALABRAS CLAVE)
Materia - término temático no controlado (palabras clave) Historia
942 ## - ELEMENTOS PERSONALIZADOS (KOHA)
Fecha catalogación 2026/02/17
Tipo de documento Libros
Existencias
Fuente de Clasificacion Colección Ubicacion permanente Biblioteca actual Fecha de Ingreso a la Biblioteca Origen de adquisición Código de ubicación Código de barras Tipo de Item KOHA Nota pública
Dewey Decimal Classification Colección General (CG) Biblioteca e Internet, Facultad de Ciencias Exactas y Naturales Biblioteca e Internet, Facultad de Ciencias Exactas y Naturales 02/20/2026 Donación 920 K89n CG2806 Libros Material disponible en la Biblioteca e Intenet, Campus UNA, San Lorenzo.